000 01469nab a22002417a 4500
999 _c5441
_d5441
003 OSt
005 20250909104638.0
008 190604e xxu||||| |||| 00| 0 spa d
040 _cPJ
100 _aPedraza, Marco
_96270
245 1 3 _aAtribución del uso de la vivienda familiar :
_bluces, sombras e interrogantes de una regulación perfectible /
_cMarco Pedraza.
260 _aCiudad Autónoma de Buenos Aires :
_bThomson Reuters La Ley,
_c2025.
300 _ap. 137-157
500 _aCita Online: TR LALEY AR/DOC/37/2025.
505 _aSumario: I. Palabras introductorias.— II. Un necesario punto de partida: la atribución del uso de la vivienda familiar como efecto del divorcio o del cese de la unión convivencial. Concepto y ubicación metodológica.— III. La atribución del uso de la vivienda familiar como efecto del divorcio.— IV. La atribución del uso de la vivienda como efecto del cese de la unión convivencial: una protección rígida, endeble y precaria.— V. Palabras finales.
505 _t¿Te interesa el texto completo? Solicitalo al correo: koha@justierradelfuego.gov.ar
650 0 _91497
_aCODIGO CIVIL Y COMERCIAL
650 0 _95362
_aVIVIENDA FAMILIAR
650 0 _91053
_aUNIONES CONVIVENCIALES
650 0 _95573
_aATRIBUCIÓN DE LA VIVIENDA
773 0 _02714
_93171
_dCiudad Autónoma de Buenos Aires : Thomson Reuters La Ley, 2014-
_tRevista anales de legislación argentina. Nº 4 - Abril 2025.
942 _2udc
_cANA